| 000 | 00550nam a2200205Ia 4500 | ||
|---|---|---|---|
| 003 | GCL | ||
| 008 | 140319s9999 xx 000 0 eng d | ||
| 020 | _a2880465273 | ||
| 040 |
_aGCL / _cGCL |
||
| 082 | 0 | 4 |
_a778.7 _bB L |
| 100 | 1 | _aBAVISTER, STEVE | |
| 245 | 1 | 0 |
_aLIGHTING FOR PORTRAIT PHOTOGRAPHY / _cBAVISTER, STEVE |
| 260 |
_aسويسرا : _bA ROTOVISION BOOK |
||
| 300 |
_a32 CM ؛ _c160 P |
||
| 650 | 0 | 4 | _aLIGHTING |
| 650 | 0 | 4 | _aLIGHT SOURCE |
| 650 | 0 | 4 | _aPHOTOGRAPHY - LIGHTING |
| 650 | 0 | 4 | _aLIGHTING - SPECIAL EFFECTS |
| 942 |
_2ddc _cBK |
||
| 999 |
_c6564 _d6564 |
||